000005378 001__ 5378
000005378 005__ 20251001112449.0
000005378 008__ 101001s1619    sp            000 0 spa |nam a 
000005378 040__ $$aUZ.GRL
000005378 041__ $$aspa
000005378 245__ $$aPrematica para que en favor de los labradores se guarde lo aquí contenido
000005378 260__ $$aEn Madrid :$$bpor Iuan de la cuesta$$c1619
000005378 300__ $$a[8] p. ;$$c28 cm.
000005378 500__ $$aEscudo xil en port.
000005378 538__ $$aTexto completo System requirements: PC, World Wide Web Browser and DJVU reader
000005378 538__ $$aTexto completo Available electronically via Internet
000005378 540__ $$9info:eu-repo/semantics/openAccess$$aby$$uhttps://creativecommons.org/licenses/by/4.0/deed.es
000005378 700__ $$aCuesta, Juan de la$$eimp.
000005378 752__ $$aEspaña
000005378 8564_ $$s247748200$$uhttps://zaguan.unizar.es/record/5378/files/H_5_85.djv$$zTexto completo
000005378 907__ $$a.b1580872
000005378 909CO $$ooai:zaguan.unizar.es:5378$$pdriver$$pfondo-historico
000005378 980__ $$aFH$$bfondos